[Event "TUR-chT 2nd League"]
[Site "Konya"]
[Date "2018.07.22"]
[Round "9.15"]
[White "Yuksekoglu, Adem"]
[Black "Acar, Ilhami"]
[Result "1/2-1/2"]
[WhiteElo "1850"]
[BlackElo "1688"]
[PlyCount "78"]
[EventDate "2018.07.16"]
[EventType "team-swiss"]
[EventRounds "9"]
[EventCountry "TUR"]
[SourceTitle "EXT 2019"]
[Source "ChessBase"]
[SourceDate "2018.10.10"]
[SourceVersion "1"]
[SourceVersionDate "2018.10.10"]
[SourceQuality "1"]
[WhiteTeam "Kahramanmaras Ustad"]
[BlackTeam "Ayidin Nazilli Belediyesi"]
[WhiteTeamCountry "TUR"]
[BlackTeamCountry "TUR"]

1. e4 c5 2. g3 g6 3. Nc3 Bg7 4. Bc4 Nc6 5. d3 Na5 6. Bb3 Nxb3 7. axb3 d6 8. Nge2 Nf6 9. Nf4 Bg4 10. f3 Bd7 11. Be3 Bc6 12. 0-0 e6 13. Qe2 0-0 14. Ra2 h5 15. Ng2 a6 16. e5 Nd5 17. Nxd5 exd5 18. exd6 Qxd6 19. Qd2 Rfe8 20. Bf4 Qf6 21. c3 d4 22. c4 Qf5 23. Nh4 Qh3 24. Qg2 Qd7 25. Qd2 Bf6 26. Ng2 Qf5 27. Bc7 Re7 28. Bb6 Rae8 29. Qf4 Qxf4 30. Nxf4 Re3 31. Bxc5 Rxf3 32. Rxf3 Bxf3 33. Ra1 g5 34. Rf1 g4 35. Nxh5 Bg5 36. Bxd4 Re2 37. Rf2 Re1+ 38. Rf1 Re2 39. Rf2 Re1+ 1/2-1/2

[Event "Malatya Golden Apricot op 3rd"]
[Site "Malatya"]
[Date "2015.08.25"]
[Round "1"]
[White "Yuksekoglu, Adem"]
[Black "Azaladze, Shota"]
[Result "0-1"]
[WhiteElo "1837"]
[BlackElo "2489"]
[PlyCount "72"]
[EventDate "2015.08.25"]
[EventType "swiss"]
[EventRounds "9"]
[EventCountry "TUR"]
[SourceTitle "EXT 2016"]
[Source "ChessBase"]
[SourceDate "2015.10.08"]
[SourceVersion "1"]
[SourceVersionDate "2015.10.08"]
[SourceQuality "1"]

1. e4 g6 2. d4 Bg7 3. c4 c5 4. d5 d6 5. Nc3 Nf6 6. Bd3 0-0 7. f4 e6 8. Nf3 exd5 9. cxd5 Re8 10. 0-0 a6 11. a4 Bg4 12. Qb3 Bxf3 13. Rxf3 Nbd7 14. Bd2 Rc8 15. Re1 Ng4 16. Ne2 c4 17. Bxc4 Nc5 18. Qd1 Nxe4 19. Bc3 Nxc3 20. bxc3 Rxc4 21. h3 Qb6+ 22. Nd4 Bxd4+ 23. cxd4 Qxd4+ 24. Kh1 Rxe1+ 25. Qxe1 Qe4 26. Qf1 Rb4 27. hxg4 Rb1 28. Kh2 Rxf1 29. Rxf1 Qxa4 30. Kh3 b5 31. f5 h5 32. gxh5 gxh5 33. g3 Qe4 34. f6 b4 35. Kh2 Qc2+ 36. Kh3 a5 0-1

[Event "TUR-ch"]
[Site "Kemer"]
[Date "2011.02.09"]
[Round "6"]
[White "Yuksekoglu, Adem"]
[Black "Onem, Cem"]
[Result "0-1"]
[WhiteElo "1864"]
[BlackElo "2036"]
[PlyCount "126"]
[EventDate "2011.02.05"]
[EventType "swiss"]
[EventRounds "10"]
[EventCountry "TUR"]
[SourceTitle "CBM 140 Extra"]
[Source "ChessBase"]
[SourceDate "2011.03.01"]
[SourceVersion "1"]
[SourceVersionDate "2011.03.01"]
[SourceQuality "1"]

1. d4 Nf6 2. c4 d6 3. Nc3 e5 4. dxe5 dxe5 5. Qxd8+ Kxd8 6. Bg5 c6 7. Nf3 Nbd7 8. e4 Kc7 9. Be2 Bb4 10. Bxf6 Bxc3+ 11. bxc3 gxf6 12. Nd2 Nc5 13. f3 Be6 14. Kf2 Rad8 15. Rhd1 Na4 16. Nb1 Rxd1 17. Bxd1 Nb6 18. c5 Nd7 19. Bb3 Nxc5 20. Bxe6 fxe6 21. Na3 Rd8 22. Nc4 b5 23. Ne3 Na4 24. Ng4 Rf8 25. Rc1 Nb2 26. Kg3 Nc4 27. Re1 Kd6 28. Rd1+ Ke7 29. Re1 Rd8 30. Kh4 Kf7 31. Kh5 Kg7 32. Ne3 Nxe3 33. Rxe3 a5 34. h4 c5 35. a3 Rd7 36. Re2 b4 37. axb4 cxb4 38. cxb4 axb4 39. Rb2 Rb7 40. Rb3 Rb5 41. g4 Rb7 42. g5 f5 43. g6 hxg6+ 44. Kg5 f4 45. h5 gxh5 46. Kxh5 Kf6 47. Kh6 Ke7 48. Kg6 Rb5 49. Rb1 b3 50. Rb2 Rb7 51. Kg7 Kd6+ 52. Kf6 Rb4 53. Rd2+ Rd4 54. Rb2 Rb4 55. Rd2+ Kc6 56. Rb2 Rb5 57. Kxe6 Kb6 58. Kd6 Ka5 59. Rb1 Ka4 60. Kc6 b2 61. Kd6 Kb3 62. Kc6 Ra5 63. Kd6 Kc2 0-1